Cristóbal Colón (Record no. 26942)

MARC details
000 -LEADER
campo de control de longitud fija 00878nam a2200217 i 4500
001 - NÚMERO DE CONTROL
campo de control 26942
003 - IDENTIFICADOR DE NÚMERO DE CONTROL
campo de control ES-MaACL
005 - FECHA Y HORA DE LA ÚLTIMA TRANSACCIÓN
campo de control 20250918063024.0
007 - CAMPO FIJO DE DESCRIPCIÓN FÍSICA--INFORMACIÓN GENERAL
campo de control de longitud fija t|
008 - DATOS DE LONGITUD FIJA--INFORMACIÓN GENERAL
campo de control de longitud fija 030113q1891 sp ||||1| spa d
100 1# - ENTRADA PRINCIPAL--NOMBRE DE PERSONA
Nombre de persona Asensio, José María,
Fechas asociadas al nombre 1829-1905
9 (RLIN) 23582
245 10 - MENCIÓN DEL TÍTULO
Título Cristóbal Colón
Resto del título : su vida, sus viajes, sus descubrimientos /
Mención de responsabilidad, etc. José María Asensio.
250 ## - MENCION DE EDICION
Mención de edición Ed. ilustrada con oleografías, copias de famosos cuadros de artistas españoles ... y una carta geográfica.
260 ## - PUBLICACIÓN, DISTRIBUCIÓN, ETC.
Lugar de publicación, distribución, etc. Barcelona :
Nombre del editor, distribuidor, etc. Espasa y Cía.,
Fecha de publicación, distribución, etc. [1891?]
300 ## - DESCRIPCIÓN FÍSICA
Extensión 2 v. (CXLIII, 742; 901 p.) :
Otras características físicas il. col. y n. ;
Dimensiones 31 cm.
594 ## - Nota al título y mención de responsabilidad
Nota al título y mención de responsabilidad Precede al título: Edición monumental.
600 04 - PUNTO DE ACCESO ADICIONAL DE MATERIA--NOMBRE DE PERSONA
Nombre de persona Colón, Cristóbal-
Subdivisión general Biografías.
9 (RLIN) 39871
651 #4 - PUNTO DE ACCESO ADICIONAL DE MATERIA--NOMBRE GEOGRÁFICO
Nombre geográfico América-
Subdivisión general Descubrimientos y exploraciones-
-- Españoles.
9 (RLIN) 138324
852 ## - LOCALIZACIÓN
Ubicación ES-MaACL
Número de control de estantería C-1793-94
Holdings
Estatus retirado Estado de pérdida Estado de daño No para préstamo Colección Biblioteca de origen Biblioteca actual Ubicación en estantería Fecha de adquisición Fuente de adquisición Total de préstamos Signatura topográfica completa Código de barras Visto por última vez Precio de reemplazo Tipo de ítem Koha
        Libros del s. XIX Biblioteca del Ateneo de Madrid Biblioteca del Ateneo de Madrid Sala Palomar 17/01/2008     C-1793-94 1027810 23/02/2023 23/02/2023 Libro impreso antiguo